<?xml version="1.0" encoding="UTF-8"?>
<record
    xmlns:xsi="http://www.w3.org/2001/XMLSchema-instance"
    xsi:schemaLocation="http://www.loc.gov/MARC21/slim http://www.loc.gov/standards/marcxml/schema/MARC21slim.xsd"
    xmlns="http://www.loc.gov/MARC21/slim">

  <leader>02166nam0a2200433   4500</leader>
  <controlfield tag="001">RU\NLR\bibl\535621</controlfield>
  <controlfield tag="005">20260406163630.0</controlfield>
  <datafield tag="010" ind1=" " ind2=" ">
    <subfield code="a">5-8183-0134-6</subfield>
    <subfield code="b">&#x432; &#x43E;&#x431;&#x43B;.</subfield>
  </datafield>
  <datafield tag="021" ind1=" " ind2=" ">
    <subfield code="a">RU</subfield>
    <subfield code="b">2004-4322</subfield>
    <subfield code="9">223</subfield>
  </datafield>
  <datafield tag="035" ind1=" " ind2=" ">
    <subfield code="a">RSL-KNO-002405856</subfield>
  </datafield>
  <datafield tag="035" ind1=" " ind2=" ">
    <subfield code="a">(NLR Aleph) 000527899</subfield>
  </datafield>
  <datafield tag="090" ind1=" " ind2=" ">
    <subfield code="a">1334386</subfield>
    <subfield code="c">1334386</subfield>
  </datafield>
  <datafield tag="100" ind1=" " ind2=" ">
    <subfield code="a">20040310d2003    |||y0rusy50      ca</subfield>
  </datafield>
  <datafield tag="101" ind1="1" ind2=" ">
    <subfield code="a">rus</subfield>
    <subfield code="c">eng</subfield>
  </datafield>
  <datafield tag="102" ind1=" " ind2=" ">
    <subfield code="a">RU</subfield>
  </datafield>
  <datafield tag="105" ind1=" " ind2=" ">
    <subfield code="a">a   |||||||||</subfield>
  </datafield>
  <datafield tag="106" ind1=" " ind2=" ">
    <subfield code="a">r</subfield>
  </datafield>
  <datafield tag="200" ind1="1" ind2=" ">
    <subfield code="a">&#x428;&#x43E;&#x43A;&#x438;&#x440;&#x443;&#x44E;&#x449;&#x430;&#x44F; &#x43F;&#x440;&#x430;&#x432;&#x434;&#x430; &#x43E; &#x432;&#x43E;&#x434;&#x435; &#x438; &#x441;&#x43E;&#x43B;&#x438;</subfield>
    <subfield code="f">&#x41F;&#x43E;&#x43B;&#x44C; &#x421;. &#x411;&#x440;&#x44D;&#x433;&#x433;, &#x41F;&#x430;&#x442;&#x440;&#x438;&#x446;&#x438;&#x44F; &#x411;&#x440;&#x44D;&#x433;&#x433;</subfield>
    <subfield code="g">[&#x41F;&#x435;&#x440;. &#x441; &#x430;&#x43D;&#x433;&#x43B;. &#x412;. &#x415;&#x433;&#x43E;&#x440;&#x43E;&#x432;&#x430;]</subfield>
  </datafield>
  <datafield tag="210" ind1=" " ind2=" ">
    <subfield code="a">&#x41C;.</subfield>
    <subfield code="c">&#x413;&#x420;&#x410;&#x41D;&#x414;</subfield>
    <subfield code="c">&#x424;&#x410;&#x418;&#x420;-&#x41F;&#x420;&#x415;&#x421;&#x421;</subfield>
    <subfield code="d">2003</subfield>
    <subfield code="e">&#x41E;&#x410;&#x41E; &#x41C;&#x43E;&#x436;&#x430;&#x439;&#x441;&#x43A;&#x438;&#x439; &#x43F;&#x43E;&#x43B;&#x438;&#x433;&#x440;. &#x43A;&#x43E;&#x43C;&#x431;.</subfield>
  </datafield>
  <datafield tag="215" ind1=" " ind2=" ">
    <subfield code="a">284, [2] &#x441;.</subfield>
    <subfield code="c">&#x438;&#x43B;.</subfield>
    <subfield code="d">20</subfield>
  </datafield>
  <datafield tag="225" ind1="1" ind2=" ">
    <subfield code="a">&#x411;&#x438;&#x431;&#x43B;&#x438;&#x43E;&#x442;&#x435;&#x43A;&#x430; &#x437;&#x434;&#x43E;&#x440;&#x43E;&#x432;&#x44C;&#x44F;</subfield>
  </datafield>
  <datafield tag="327" ind1="1" ind2=" ">
    <subfield code="a">&#x421;&#x43E;&#x434;&#x435;&#x440;&#x436;.: &#x428;&#x43E;&#x43A;&#x438;&#x440;&#x443;&#x44E;&#x449;&#x430;&#x44F; &#x43F;&#x440;&#x430;&#x432;&#x434;&#x430; &#x43E; &#x432;&#x43E;&#x434;&#x435; / &#x41F;&#x43E;&#x43B;&#x44C; &#x421;. &#x411;&#x440;&#x44D;&#x433;&#x433;. &#x421;&#x43E;&#x43B;&#x44C; &#x437;&#x434;&#x43E;&#x440;&#x43E;&#x432;&#x44C;&#x44F; - &#x432; &#x43A;&#x438;&#x441;&#x43B;&#x43E;&#x439; &#x43A;&#x430;&#x43F;&#x443;&#x441;&#x442;&#x435; &#x431;&#x435;&#x437; &#x441;&#x43E;&#x43B;&#x438;! / &#x41F;&#x43E;&#x43B;&#x44C; &#x421;. &#x411;&#x440;&#x44D;&#x433;&#x433;, &#x41F;&#x430;&#x442;&#x440;&#x438;&#x446;&#x438;&#x44F; &#x411;&#x440;&#x44D;&#x433;&#x433;</subfield>
  </datafield>
  <datafield tag="464" ind1=" " ind2="0">
    <subfield code="1">2001#$a&#x428;&#x43E;&#x43A;&#x438;&#x440;&#x443;&#x44E;&#x449;&#x430;&#x44F; &#x43F;&#x440;&#x430;&#x432;&#x434;&#x430; &#x43E; &#x432;&#x43E;&#x434;&#x435;$f&#x41F;&#x43E;&#x43B;&#x44C; &#x421;. &#x411;&#x440;&#x44D;&#x433;&#x433;</subfield>
    <subfield code="t">&#x428;&#x43E;&#x43A;&#x438;&#x440;&#x443;&#x44E;&#x449;&#x430;&#x44F; &#x43F;&#x440;&#x430;&#x432;&#x434;&#x430; &#x43E; &#x432;&#x43E;&#x434;&#x435;</subfield>
  </datafield>
  <datafield tag="464" ind1=" " ind2="0">
    <subfield code="1">2001#$a&#x421;&#x43E;&#x43B;&#x44C; &#x437;&#x434;&#x43E;&#x440;&#x43E;&#x432;&#x44C;&#x44F; - &#x432; &#x43A;&#x438;&#x441;&#x43B;&#x43E;&#x439; &#x43A;&#x430;&#x43F;&#x443;&#x441;&#x442;&#x435; &#x431;&#x435;&#x437; &#x441;&#x43E;&#x43B;&#x438;!$f&#x41F;&#x43E;&#x43B;&#x44C; &#x421;. &#x411;&#x440;&#x44D;&#x433;&#x433;, &#x41F;&#x430;&#x442;&#x440;&#x438;&#x446;&#x438;&#x44F; &#x411;&#x440;&#x44D;&#x433;&#x433;</subfield>
    <subfield code="t">&#x421;&#x43E;&#x43B;&#x44C; &#x437;&#x434;&#x43E;&#x440;&#x43E;&#x432;&#x44C;&#x44F; - &#x432; &#x43A;&#x438;&#x441;&#x43B;&#x43E;&#x439; &#x43A;&#x430;&#x43F;&#x443;&#x441;&#x442;&#x435; &#x431;&#x435;&#x437; &#x441;&#x43E;&#x43B;&#x438;!</subfield>
  </datafield>
  <datafield tag="606" ind1="0" ind2=" ">
    <subfield code="a">&#x41A;&#x430;&#x43F;&#x443;&#x441;&#x442;&#x430;</subfield>
    <subfield code="x">&#x41A;&#x432;&#x430;&#x448;&#x435;&#x43D;&#x438;&#x435;</subfield>
    <subfield code="9">1010710</subfield>
    <subfield code="3">RU\NLR\auth\66384717</subfield>
  </datafield>
  <datafield tag="606" ind1="0" ind2=" ">
    <subfield code="a">&#x41F;&#x438;&#x442;&#x44C;&#x435;&#x432;&#x430;&#x44F; &#x432;&#x43E;&#x434;&#x430;</subfield>
    <subfield code="x">&#x412;&#x43B;&#x438;&#x44F;&#x43D;&#x438;&#x435; &#x43D;&#x430; &#x43E;&#x440;&#x433;&#x430;&#x43D;&#x438;&#x437;&#x43C;</subfield>
    <subfield code="9">2162531</subfield>
    <subfield code="3">RU\NLR\auth\661301346</subfield>
  </datafield>
  <datafield tag="606" ind1="0" ind2=" ">
    <subfield code="a">&#x41F;&#x43E;&#x432;&#x430;&#x440;&#x435;&#x43D;&#x43D;&#x430;&#x44F; &#x441;&#x43E;&#x43B;&#x44C;</subfield>
    <subfield code="x">&#x412;&#x43B;&#x438;&#x44F;&#x43D;&#x438;&#x435; &#x43D;&#x430; &#x43E;&#x440;&#x433;&#x430;&#x43D;&#x438;&#x437;&#x43C;</subfield>
    <subfield code="9">2162529</subfield>
    <subfield code="3">RU\NLR\auth\661301345</subfield>
  </datafield>
  <datafield tag="686" ind1=" " ind2=" ">
    <subfield code="a">&#x420;120.135&#x44F;9</subfield>
    <subfield code="2">rubbk</subfield>
  </datafield>
  <datafield tag="686" ind1=" " ind2=" ">
    <subfield code="a">&#x41B;912.205</subfield>
  </datafield>
  <datafield tag="686" ind1=" " ind2=" ">
    <subfield code="a">&#x420;123.025</subfield>
  </datafield>
  <datafield tag="686" ind1=" " ind2=" ">
    <subfield code="a">&#x420;123.026</subfield>
  </datafield>
  <datafield tag="700" ind1=" " ind2="1">
    <subfield code="4">070</subfield>
    <subfield code="8">rus</subfield>
    <subfield code="7">ca</subfield>
    <subfield code="a">&#x411;&#x440;&#x44D;&#x433;&#x433;</subfield>
    <subfield code="b">&#x41F;. &#x421;.</subfield>
    <subfield code="f">1881-1976</subfield>
    <subfield code="g">&#x41F;&#x43E;&#x43B;&#x44C; &#x421;.</subfield>
    <subfield code="3">RU\NLR\AUTH\7710278</subfield>
    <subfield code="9">120057</subfield>
  </datafield>
  <datafield tag="701" ind1=" " ind2="1">
    <subfield code="a">&#x411;&#x440;&#x44D;&#x433;&#x433;</subfield>
    <subfield code="b">&#x41F;.</subfield>
    <subfield code="g">&#x41F;&#x430;&#x442;&#x440;&#x438;&#x446;&#x438;&#x44F;</subfield>
    <subfield code="4">070</subfield>
  </datafield>
  <datafield tag="801" ind1=" " ind2="0">
    <subfield code="a">RU</subfield>
    <subfield code="b">RuMoRKP</subfield>
    <subfield code="c">20040310</subfield>
    <subfield code="g">PSBO</subfield>
  </datafield>
  <datafield tag="801" ind1=" " ind2="1">
    <subfield code="a">RU</subfield>
    <subfield code="b">RuMoRKP</subfield>
    <subfield code="c">20040310</subfield>
  </datafield>
  <datafield tag="801" ind1=" " ind2="2">
    <subfield code="a">RU</subfield>
    <subfield code="b">NLR</subfield>
    <subfield code="c">20040702</subfield>
    <subfield code="g">PSBO</subfield>
  </datafield>
  <datafield tag="942" ind1=" " ind2=" ">
    <subfield code="c">BOOK</subfield>
  </datafield>
  <datafield tag="980" ind1=" " ind2=" ">
    <subfield code="a">NB</subfield>
  </datafield>
  <datafield tag="995" ind1=" " ind2=" ">
    <subfield code="5">2004-07-02</subfield>
    <subfield code="a">ad</subfield>
    <subfield code="b">NLR01</subfield>
    <subfield code="c">NLR01</subfield>
    <subfield code="e">RF3</subfield>
    <subfield code="f">1-93436</subfield>
    <subfield code="k">2004-3/14377</subfield>
    <subfield code="o">0</subfield>
    <subfield code="r">BOOK</subfield>
    <subfield code="s">2004314377_</subfield>
  </datafield>
  <datafield tag="995" ind1=" " ind2=" ">
    <subfield code="5">2004-07-02</subfield>
    <subfield code="a">ad</subfield>
    <subfield code="b">NLR01</subfield>
    <subfield code="c">NLR01</subfield>
    <subfield code="e">RF3</subfield>
    <subfield code="f">715970</subfield>
    <subfield code="k">2004-3/14377</subfield>
    <subfield code="o">0</subfield>
    <subfield code="r">BOOK</subfield>
    <subfield code="s">2004314377_</subfield>
  </datafield>
</record>
